| 000 | 01719cas a2200325 i 4500 | ||
|---|---|---|---|
| 001 | 000038143 | ||
| 003 | DLC | ||
| 005 | 20260512150218.0 | ||
| 007 | ta | ||
| 008 | 130318c1964 dr mr1p|r || |0spa d | ||
| 040 |
_aDO-SdBNP _bspa _cBNPHU _erda |
||
| 041 | _hspa | ||
| 043 | _anwdr | ||
| 245 | 0 | 0 |
_aTestimonio : _brevista de artes y letras. |
| 264 |
_aSanto Domingo, República Dominicana : _b[Secretaría de Estado de lo Interior y Policía], _c1964-. |
||
| 300 |
_avolumen ; _c23 cm. |
||
| 310 | _aMensual. | ||
| 336 |
_atesto _btxt _2rdacontent |
||
| 337 |
_asin mediación _bn _2rdamedia |
||
| 338 |
_avolumen _bnc _2rdacarrier |
||
| 362 | 1 | _aInicia con el: No. 6 (julio 1964). | |
| 500 | _aDescripción basada en el: No. 6 (julio 1964). | ||
| 500 | _aDirectores 1964: Lupo Hernández Rueda, Luis Alfredo Torres y Alberto Peña Lebrón. | ||
| 520 | _aTestimonio traerá cada seis meses, un índice general por materia, de autores, de secciones permanentes. Así los suscriptores de esta revista podrán formar con sus números cada seis meses un volumen que tendrá al final un índice general de su contenido. | ||
| 545 | 1 | _aTestimonio: es un órgano de cultura, no una revista política. Se publica mensualmente. Es la revista que todo hombre interesado en la cultura debe leer. Testimonio: respeta el criterio personal de sus colaboradores. Agradece que toda reproducción de su contenido indique su procedencia. | |
| 650 | 4 |
_aPublicaciones periódicas _vPublicaciones periódicas _zRepública Dominicana _964501 |
|
| 650 | 4 |
_aArtes _zRepública Dominicana _vPublicaciones periódicas _964506 |
|
| 650 | 4 |
_aLiteratura _zRepública Dominicana _vPublicaciones periódicas _957667 |
|
| 942 |
_2ddc _cISSUE |
||
| 999 |
_c37633 _d37633 |
||